000 00761nam a22002777a 4500
001 0150
003 DO-SdBNP
005 20180214082843.0
007 0150
008 151005b1971 dr 00| 0 spa d
040 _aBPMSU
_bspa
_cBPMSU
082 4 _aRD863.3
_bP418c,1971
100 1 _aPenson, César Nicolás
245 1 0 _aCosas añejas /
_cCésar Nicolás Penson
250 _a2a. ed.
260 0 _aSanto Domingo :
_bPublicaciones América,
_c1971.
300 _a228 p. :
_c23 cm.
490 1 _aBreviarios Dominicanos
650 4 _aCUENTOS DOMINICANOS
650 4 _aLITERATURA DOMINICANA
830 0 _aBreviarios Dominicanos
910 _aValidado. Control de calidad MFF
942 _2ddc
_cBK
945 _aIvnentariado / 2017 VM
956 _aYngrid Lockward
999 _c9152
_d9152